Szemiotikai textológia - didaktika

Elmentve itt :
Bibliográfiai részletek
Szerző: Petőfi S. János
Dokumentumtípus: Cikk
Megjelent: 1990
Sorozat:Szemiotikai szövegtan
Kulcsszavak:Szemiotika, Szövegtan
Online Access:http://acta.bibl.u-szeged.hu/35704
LEADER 00595nab a2200181 i 4500
001 acta35704
005 20210722125751.0
008 161017s1990 hu o 0|| hun d
022 |a 0865-5960 
040 |a SZTE Egyetemi Kiadványok Repozitórium  |b hun 
041 |a hun 
100 2 |a Petőfi S. János 
245 1 0 |a Szemiotikai textológia - didaktika  |h [elektronikus dokumentum] /  |c  Petőfi S. János 
260 |c 1990 
300 |a 7-21 
490 0 |a Szemiotikai szövegtan 
695 |a Szemiotika, Szövegtan 
856 4 0 |u http://acta.bibl.u-szeged.hu/35704/1/szemiotikai_001_007-021.pdf  |z Dokumentum-elérés